• 首页
  • 本馆介绍
  • 公告通知
  • 最新文献
  • 馆藏检索
  • 电子资源
  • 读者导购
  • 参考咨询
  • 我的图书馆
  • 登录
  • 详细信息显示
  • 放入我的书架
  • 预约/预借图书
  • 作者相关作品
  • 分类相关作品
  • 丛书相关作品
  • 出版社相关作品

书目信息

  • 表格格式
  • 工作单格式
  • 卡片格式
题名:
李叔同
    
 
作者: 陈戎 著
分册:  
出版信息: 沈阳   辽宁人民出版社  2015
页数: 204页
开本: 24cm
丛书名: 文化怪杰
单 册:
中图分类: I253.4
科图分类:
主题词: 传记文学--中国--当代
电子资源:
ISBN: 978-7-205-08352-6
000 00868oam2 2200277 45
001 012001003377
005 20140926114740.0
010    @a978-7-205-08352-6@dCNY26.80
100    @a20151126d2015 em y0chiy50 ea
101 0  @achi
102    @aCN@b210000
105    @aa z 000yy
106    @ar
200 1  @a李叔同@9li shu tong@e圆月天心@f陈戎著
210    @a沈阳@c辽宁人民出版社@d2015
215    @a204页@c照片@d24cm
225 2  @a文化怪杰
300    @a其他题名:圆月天心
330    @a本书介绍了一代传奇人物李叔同即弘一大师的生平事迹及相关作品。李叔同风姿卓越的前半生和跌宕起伏的后半生,为读者奉上细腻感人的阅读体验。
461  0 @12001 @a文化怪杰
517 1  @a圆月天心@9yuan yue tian xin
606 0  @a传记文学@y中国@z当代
690    @aI253.4@v5
701  0 @a陈戎@9Chen Rong@4著
801  0 @aCN@b上海新华@c20180901
905    @b1159492-6@dI253.4@e1068@f5
    
    李叔同:圆月天心/陈戎著.-沈阳:辽宁人民出版社,2015
    204页:照片;24cm.-(文化怪杰)
    其他题名:圆月天心
    
    ISBN 978-7-205-08352-6:CNY26.80
    本书介绍了一代传奇人物李叔同即弘一大师的生平事迹及相关作品。李叔同风姿卓越的前半生和跌宕起伏的后半生,为读者奉上细腻感人的阅读体验。
●
相关链接 在E读中查询图书 在五车中查询图书 在当当中查询图书 在豆瓣中查询图书


正题名:李叔同     索取号:I253.4/1068         预约/预借

序号 登录号 条形码 馆藏地/架位号 状态 备注
1 1159492   211594924   第一样本阅览室/ [索取号:I253.4/1068] 在馆    
2 1159493   211594933   第二借阅区/ [索取号:I253.4/1068] 在馆    
3 1159494   211594942   第二借阅区/ [索取号:I253.4/1068] 在馆    
4 1159495   211594951   密集书库-文学院/ [索取号:I253.4/1068] 在馆    
5 1159496   211594960   第二借阅区/ [索取号:I253.4/1068] 在馆    
唐山师范学院图书馆 欢迎您!
大连网信软件有限公司© 版权所有